MARC details
| 000 -CABECERA |
| campo de control de longitud fija |
00987ncm a2200289 a 4500 |
| 003 - IDENTIFICADOR DEL NÚMERO DE CONTROL |
| campo de control |
MX-MxUPN |
| 005 - FECHA Y HORA DE LA ÚLTIMA TRANSACCIÓN |
| campo de control |
20240429164959.0 |
| 008 - ELEMENTOS DE LONGITUD FIJA--INFORMACIÓN GENERAL |
| campo de control de longitud fija |
030930s1991 mx opl r 000 spa d |
| 020 ## - NÚMERO INTERNACIONAL NORMALIZADO PARA LIBROS |
| Número Internacional Estándar del Libro |
9683618731 |
| 035 ## - NÚMERO DE CONTROL DEL SISTEMA |
| Número de control de sistema |
UPN01000129373 |
| 040 ## - FUENTE DE LA CATALOGACIÓN |
| Centro catalogador/agencia de origen |
MX-MxUPN |
| Lengua de catalogación |
spa |
| 041 0# - CÓDIGO DE IDIOMA |
| Código de lengua del texto/banda sonora o título independiente |
spa |
| 050 #4 - SIGNATURA TOPOGRÁFICA DE LA BIBLIOTECA DEL CONGRESO |
| Número de clasificación |
M1500 |
| Número de documento/Ítem |
J56 1991 |
| 100 1# - ASIENTO PRINCIPAL--NOMBRE PERSONAL |
| 9 (RLIN) |
51772 |
| Nombre de persona |
Jiménez Mabarak, Carlos, |
| Fechas asociadas al nombre |
1916-1994 |
| Código de función/relación |
composición |
| 245 13 - MENCIÓN DE TÍTULO |
| Título |
La Güera : |
| Resto del título |
ópera en tres actos |
| 246 13 - FORMA VARIANTE DE TÍTULO |
| Título propio/Titulo breve |
La güera : |
| Resto del título |
ópera en tres actos y cuatro cuadros |
| 250 ## - MENCIÓN DE EDICIÓN |
| Mención de edición |
Primera edición |
| 260 ## - PUBLICACIÓN, DISTRIBUCIÓN, ETC. |
| Lugar de publicación, distribución, etc. |
México : |
| Nombre del editor, distribuidor, etc. |
Universidad Nacional Autónoma de México, |
| Fecha de publicación, distribución, etc. |
1991. |
| 300 ## - DESCRIPCIÓN FÍSICA |
| Extensión |
1 partitura (234 páginas) |
| 490 0# - MENCIÓN DE SERIE |
| Mención de serie |
Colección de Música Sinfónica Mexicana |
| 600 10 - ASIENTO SECUNDARIO DE MATERIA - NOMBRE PERSONAL |
| 9 (RLIN) |
51771 |
| Nombre de persona |
Rodríguez de Velasco y Osorio, María Ignacia, |
| Fechas asociadas al nombre |
1778-1851 |
| 650 #4 - ASIENTO SECUNDARIO DE MATERIA - TERMINO TEMATICO |
| 9 (RLIN) |
51774 |
| Término de materia o nombre geográfico como elemento de entrada |
Operas |
| Subdivisión de forma |
Partituras |
| 700 1# - ASIENTO SECUNDARIO--NOMBRE DE PERSONAL |
| 9 (RLIN) |
51773 |
| Nombre de persona |
Alejandro, Julio, |
| Fechas asociadas al nombre |
1906-1995 |
| Código de función/relación |
libreto |
| 902 ## - ELEMENTOS DE DATOS B LOCAL, LDB (RLIN) |
| Modificó |
VíctorGodínez/290424 |
| 942 ## - ELEMENTOS DE PUNTO DE ACCESO ADICIONAL (KOHA) |
| Fuente del sistema de clasificación o colocación |
Library of Congress Classification |
| Tipo de ítem Koha |
Libro |